000 00710nam a2200253 i 4500
001 C2-0163669
003 PPAK
005 20180727133148.0
008 980603s1996 my |||| ||||| | may d
020 _a9836241396
040 _aPPAK
_beng
_cPPAK
_erda
082 0 4 _a901.9
_223
090 0 0 _a901.9
_bSEJ
_dG
245 0 0 _aSejarah perkembangan tamadun dunia
264 1 _aKuala Lumpur :
_bDewan Bahasa dan Pustaka ,
_c1996 ; 2001
300 _axii, 521 pages ;
_c23 cm
336 _2rdacontent
_atext
337 _2rdamedia
_aunmediated
338 _2rdacarrier
_avolume
500 _aMengndungi indeks
650 1 0 _aWorld history ; Civilization Islamic - History
700 _eauthor
942 _ddc
_cB
999 _c48945
_d48945